[Event "EU-Cup 21st"]
[Site "Saint Vincent"]
[Date "2005.09.21"]
[Round "4.1"]
[White "Gashimov, Vugar"]
[Black "Ahlander, Bjorn"]
[Result "1-0"]
[WhiteElo "2594"]
[BlackElo "2401"]
[Annotator "Kritz,L"]
[PlyCount "71"]
[EventDate "2005.09.18"]
[EventType "team-swiss"]
[EventRounds "7"]
[EventCountry "ITA"]
[SourceTitle "CBM 110"]
[Source "ChessBase"]
[SourceDate "2006.01.31"]
[SourceVersion "1"]
[SourceVersionDate "2006.01.31"]
[SourceQuality "1"]
[WhiteTeam "Marmaris"]
[BlackTeam "Malmo"]
[WhiteTeamCountry "TUR"]
[BlackTeamCountry "SWE"]

1. e4 c5 2. Nc3 e6 3. Nf3 {Es ist schwer zu sagen, gegen welche konkrete
Variante diese Zugumstellung gerichtet ist.} a6 4. d4 cxd4 5. Nxd4 {Die Partie
mündet in die Hauptvariante.} Qc7 (5... b5 {Ist eine andere Alternative.} 6.
Bd3 Qb6 7. Nb3 (7. Be3 Bc5 8. Be2 Nc6 9. Nxc6 dxc6 $1 (9... Bxe3 10. fxe3 dxc6
11. Qd4 $1 {xg7} Qxd4 12. exd4 $14 {Wegen dem starken Zentrum steht Weiß
angenehmer.}) 10. Bxc5 (10. Qd6 $5 Bxd6 $1 (10... Bxe3 11. fxe3 Ra7 12. O-O-O
Rd7 (12... Qxe3+ 13. Kb1 $16) 13. Qg3 $14) 11. Bxb6 e5 12. O-O-O Ke7 $11) 10...
Qxc5 11. f4 e5 12. f5 Nf6 13. Qd3 Bd7 14. Qg3 Qe7 $1 15. O-O-O O-O-O $11) (7.
Nf3 $5 Nc6 (7... Qc7 8. O-O d6 9. a4 b4 10. Na2 a5 11. c3 bxc3 12. Nxc3 $16) 8.
O-O d6 9. a4 b4 10. a5 $5 Nxa5 11. Na4 Qc7 12. Be3 Rb8 13. Nb6 Rxb6 14. Rxa5
Rb8 15. Qa1 $14) 7... Qc7 8. O-O Nf6 9. Qe2 d6 10. Bd2 Be7 11. a4 (11. f4 Bb7
12. Kh1 O-O 13. Rae1 Nbd7 $132 {Das ist die alte "klassische" Stellung mit
Chancen für beide Seiten.}) 11... b4 12. Na2 a5 13. c3 bxc3 14. Nxc3 $14) 6.
Bd3 Nf6 (6... Nc6 7. Nxc6 dxc6 8. O-O e5 9. f4 Bc5+ 10. Kh1 Nf6 11. f5 h5 12.
Qf3 Ng4 13. Bg5 $14 {Diese Variante wird sehr oft von dem lettischen GM
Normunds Miezis gespielt. Seine Partien kann man als Beispiel für das schwarze
Spiel nehmen, allerdings bleibt die Stellung trotzdem besser für Weiß.}) (6...
Bb4 {Macht wenig Sinn, da das Nehmen auf c3 sehr gefährlich ist:} 7. O-O Bxc3 (
7... Nf6 8. Bd2 Be7 9. Qe2 $16 {De Firmian - Forsaa (Politiken Cup, 2005)}) 8.
bxc3 Qxc3 9. Rb1 $1 Ne7 (9... Qxd4 10. Bb2 Qc5 11. Bxg7 $18) 10. Bb2 Qc7 11.
Qg4 Ng6 12. e5 b5 13. f4 $16) 7. O-O Be7 8. Kh1 Nc6 (8... O-O 9. f4 d6 10. Qf3
$16 {Es entsteht typische Scheweningenstellung, wo Schwarz sich schon mit dem
Zug Qc7 festgelegt hat und Weiß statt Be2-Bf3/Bd3 sofort Bd3 gezogen hat und
damit ein Tempo gewonnen hat, was in solch scharfen Stellungen sehr stark die
Stellungsbewertung beeinflüssen kann.}) 9. Nxc6 $1 (9. Be3 $6 Nxd4 10. Bxd4 Bc5
$5 (10... e5 11. Be3 Bc5 12. Bg5 Bd4 13. Bxf6 Bxc3 14. Bxg7 Rg8 15. bxc3 Rxg7
16. Qh5 $16) 11. Bxc5 Qxc5 12. f4 d6 13. Qe1 e5 {Schwarz hat zwar ein Zug Zeit
verloren, aber diese Stellung ist nicht temporär, vielleicht kann man sich
hier noch erfolgreich verteidigen.}) 9... bxc6 {Ähnliche Stellungen erhält man
in der Variante 1.e4 c5.2.Sf3 e6.3.d4 cd.4.Sd4 a6.5.Sc3 Sc6.6.Sc6 bc.7.Ld3.
Der Zug Dc7 ist hier nicht unbedingt notwendig.} (9... dxc6 10. f4 e5 11. f5
$16 {Erneut entsteht ähnliche Struktur wie in Miezis-Variante, nur statt den
Läufer auf c5 zu entwickeln, steht er jetzt passiv auf e7.}) 10. b3 (10. f4 {
ist auch spielbar} d5 11. Qf3 Bb7 (11... O-O 12. Bd2 Bb7 13. Qh3 $14 {Es ist
gefährlich für Schwarz zu früh zu rochieren - Weiß könnte starke Initiative am
Königsflügel entwickeln.}) 12. f5 e5 13. Qg3 d4 14. Nb1 $1 c5 15. Nd2 $14 {
Weiß bekam gutes Spiel in Timofeev - Volokitin (Sarajevo, 2005)}) 10... O-O 11.
Bb2 e5 $6 (11... d5 {Das sieht auf jedem Fall logischer aus. Der Springer c3
versperrt dem Läufer die Diagonale, so daß Schwarz noch keine Angst vor einem
Überfall auf seinen König haben muss.} 12. f4 (12. e5 $6 Qxe5 13. f4 Qc7 14.
Ne2 Ng4 $1 15. Qe1 Bf6 $17) 12... c5 13. e5 Nd7 14. Qh5 g6 15. Qh3 Bb7 $132 {
Weiß kann hier kaum etwas erreichen.}) 12. f4 d6 13. Qf3 {Jetzt hat sich der
weiße Aufbau gelohnt - nach Nd1-Ne3 ist der Läufer b2 sehr aktiv.} a5 (13...
Bg4 14. Qg3 $14) (13... Be6 14. Nd1 exf4 $5 {Wäre wohl die beste Verteidigung
gewesen.} 15. Qxf4 Ng4 16. Ne3 Nxe3 (16... Ne5 17. Qg3 $40) 17. Qxe3 f6 $1 $13
{Weiß steht zwar auf lange Sicht angenehmer, aber ist wird ihm sehr schwer
fallen, hier einen fühlbaren Vorteil zu bekommen. Immerhin ist der Bauer auf
e4 isoliert und der Druck des Läufers b2 momentan neutralisiert.}) 14. Bc4 $6 (
14. Nd1 $5 {Das wäre konsequente Fortsetzung des angefangenen Plans.} exf4 15.
Qxf4 Ng4 16. Ne3 Nxe3 17. Qxe3 f6 18. Bc4+ $14) 14... Ba6 $2 {Bringt Schwarz
in richtige Schwierigkeiten.} (14... exf4 $5 15. Qxf4 Be6 $1 (15... Ng4 $6 16.
Bxf7+ Kh8 17. Qg3 Bf6 18. Bh5 $16) 16. Bxe6 fxe6 $11) 15. Bxa6 Rxa6 16. fxe5 (
16. Nd1 $5 {wäre noch stärker gewesen, mit dem Nehmen auf e5 kann man ja noch
abwarten} a4 (16... exf4 17. Qxf4 Nd7 18. Ne3 Ne5 19. Qg3 $16) 17. Ne3 axb3 18.
axb3 Rxa1 19. Rxa1 $14) 16... dxe5 17. Nd1 $14 {Trotzdem ist der weiße Vorteil
ziemlich groß - der Springer hat zwei gute Felder zur Verfügung (c4 und f5),
die Bauernstruktur ist besser. Es kann aus schwarzer Sicht nur darum gehen, ob
die Stellung noch genug Festigkeit hat, um Remis zu halten, oder nicht.} a4 18.
Ne3 Re8 19. Nf5 Bd8 20. Rad1 axb3 21. axb3 c5 22. Bc1 c4 23. bxc4 Rae6 24. Bg5
Rf8 25. c5 Be7 26. Bh4 Qxc5 27. Qg3 Nh5 28. Qg4 Bxh4 29. Qxh5 Bf6 30. Rd3 Qc4
31. Re1 Qb4 32. c3 Qb2 33. Rh3 h6 34. Nxh6+ gxh6 35. Qxh6 Rb8 36. Rg3+ 1-0

[Event "Olympiad-31"]
[Site "Moscow"]
[Date "1994.12.08"]
[Round "7.4"]
[White "Kudrin, Sergey"]
[Black "Moldobaev, Emelbek"]
[Result "1/2-1/2"]
[WhiteElo "2550"]
[BlackElo "2385"]
[Annotator "Kudrin,S"]
[PlyCount "99"]
[EventDate "1994.12.01"]
[EventType "team-swiss"]
[EventRounds "14"]
[EventCountry "RUS"]
[SourceTitle "CBM 045"]
[Source "ChessBase"]
[SourceDate "1995.04.01"]
[SourceVersion "1"]
[SourceVersionDate "1995.04.01"]
[SourceQuality "1"]
[WhiteTeam "US of America"]
[BlackTeam "Kyrgysztan"]
[WhiteTeamCountry "USA"]
[BlackTeamCountry "KGZ"]

1. e4 c5 2. Nf3 e6 3. d4 cxd4 4. Nxd4 a6 5. Nc3 b5 6. Bd3 Bb7 7. O-O Qc7 8. Re1
(8. Qe2 $5) 8... Nf6 9. Bg5 h6 $6 (9... Bd6 $32) 10. Bxf6 gxf6 11. a4 b4 12.
Nd5 $1 exd5 13. exd5+ Kd8 14. Qf3 Qb6 $8 15. c3 a5 $1 16. Be4 Bc5 17. Nb3 (17.
d6 Kc8 18. Bxb7+ Qxb7 19. Qxf6 Rg8 20. Qg7 Rd8 21. Nb5 $16) 17... Na6 18. Nd2
f5 19. Qxf5 Rf8 20. Nc4 (20. d6 $1 Kc8 21. Nc4 $16) 20... Qg6 21. Qf3 f5 $1 22.
d6 Bxe4 23. Rxe4 Rb8 24. Rd1 bxc3 25. bxc3 Ba7 26. Nxa5 fxe4 $2 27. Qxf8+ Qe8
28. Qf6+ Kc8 29. Nc6 $18 dxc6 30. d7+ Qxd7 31. Qf8+ Kc7 32. Rxd7+ Kxd7 33. Qf5+
Kd6 34. Qf6+ Kd5 35. g4 Rb7 36. Qf5+ Kd6 37. Qf4+ Kd5 38. Qf5+ Kd6 39. Kg2 $2 (
39. Qxe4 Rf7 40. Qd3+ $18) 39... Nc5 40. Qf6+ Kd5 41. Qxh6 Ne6 $13 42. Qf6 Kd6
43. Qf5 Rb2 44. Qxe4 Bxf2 45. Qd3+ Bd4+ $1 $15 46. Kf1 Rb3 47. Qg3+ Be5 48.
Qd3+ Bd4 49. Qg3+ Be5 50. Qd3+ 1/2-1/2

[Event "Czerniak Memorial 14th"]
[Site "Tel Aviv"]
[Date "1998.04.12"]
[Round "4"]
[White "Kundin, Alexander"]
[Black "Gofshtein, Leonid D"]
[Result "1/2-1/2"]
[WhiteElo "2425"]
[BlackElo "2510"]
[Annotator "Kundin/Huzman"]
[PlyCount "144"]
[EventDate "1998.04.09"]
[EventType "tourn"]
[EventRounds "9"]
[EventCountry "ISR"]
[EventCategory "9"]
[SourceTitle "CBM 065"]
[Source "ChessBase"]
[SourceDate "1998.08.06"]
[SourceVersion "1"]
[SourceVersionDate "1998.08.06"]
[SourceQuality "1"]

1. e4 c5 2. Nf3 e6 3. d4 cxd4 4. Nxd4 a6 5. Nc3 b5 6. Bd3 Qb6 7. Nb3 Qc7 8. O-O
Bb7 9. Qe2 b4 10. Na4 $5 (10. Nd1 {This is the usual move.}) 10... Bc6 (10...
Qc6 $6 11. Na5 Qxa4 12. Nxb7 $14 {/\b3-Na5}) 11. Nac5 a5 12. Be3 Nf6 13. a3
bxa3 $6 {This move only helps white to put his rooks on the a file,though
black seems to be able to defend well.} (13... d6 $1 {By this move black
deletes his lack of development and equalizes the chances.} 14. Na6 Nxa6 15.
Bxa6 Be7 (15... Nxe4 $6 {I believe it's too dangerous to take that pawn.} 16.
axb4 axb4 17. Bb5 $44) 16. axb4 axb4 $11) 14. Rxa3 Be7 15. Rfa1 {[%cal Ya1a8]}
a4 16. Nd2 (16. Bb5 $2 axb3 17. Rxa8 Bxa8 18. Rxa8 {[%tqu "En","","","","e7c5",
"",10]} Bxc5 $1 19. Bxc5 {[%tqu "En","And now...","","","c7c5","",10]} Qxc5 $1
20. Rxb8+ Ke7 21. Rxh8 bxc2 $19) 16... d5 $5 (16... O-O $13) 17. b4 $1 O-O (
17... dxe4 18. Ndxe4 Nxe4 19. Bxe4 Bxe4 20. Nxe4 Bxb4 21. Rxa4 $16 {White has
a big advantage due to a good coordination and development advantage.Thus he
can advance the c pawn with no problems,or attacking the black king as
alternative.}) 18. c3 Rd8 $1 19. e5 $6 {I thought I was better and played e5.
However,I couldn't find anything after this,not even equality. I should've
taken on a4 and play this complicated position.} (19. Nxa4 dxe4 20. Bc4 $13)
19... Qxe5 20. b5 (20. Nf3 Qc7 21. Nxa4 Bxa4 22. Rxa4 Rxa4 23. Rxa4 Qxc3 $15)
20... Nbd7 $1 21. bxc6 Nxc5 22. Bxc5 Qxe2 23. Bxe2 Bxc5 24. Rxa4 Rxa4 25. Rxa4
Rc8 26. Nb3 Bd6 27. Bb5 {It is only here when I realized that I should play
for a draw,and that might be not so simple to achieve.White's passed pawn on
c6 is a weakness rather than a threat,and white pieces are very badly
coordinated.I decided to exchange the c3 pawn and then in the worst case I'll
have to play 3 against 4 on one wing,just as it happend.} Ne4 28. c4 Kf8 29.
Ra6 {[%csl Ya6,Yb3,Yb5,Yc4,Yc6] White pieces are hanged in the air.} Rb8 30.
Ra7 dxc4 31. Bxc4 $138 Rc8 $138 32. Bd3 Nf6 33. Bb5 Nd5 34. Rd7 Bc7 35. Nc5 Rb8
36. Nb7 Ra8 37. g3 Bb6 38. Bc4 (38. Nd6 {This was the simplest way to draw.}
Ra7 39. Rb7 $11) 38... Nf6 39. Rd2 Ra1+ 40. Kg2 Rc1 41. Bb5 Nd5 42. Nd6 Bc7 43.
Nc4 Rb1 44. Ba6 Rc1 45. Bb5 {White pieces are still badly coordinated.Black is
a little better,but has no real chances.} g6 46. Ne3 Nb6 47. Rc2 Rxc2 48. Nxc2
Ke7 49. Ne3 Kd6 50. Nc4+ Kc5 $1 (50... Nxc4 51. Bxc4 $11) 51. Nxb6 Kxb5 52. Nd7
Kxc6 53. Nf6 h5 54. Kf3 Bd8 55. Ne4 f5 56. Nd2 e5 57. Ke2 Kd5 $15 {White
should defend accurately,since black has a few chances to win,despite his
wrong coloured bishop (the h pawn cannnot win the game).} 58. Nf3 e4 59. Ne1
Bg5 60. Nc2 Bf6 61. Ke3 Be7 62. Ke2 Ke5 63. Ne1 g5 64. h3 Bb4 65. Nc2 Bc3 66.
Ne3 Bd4 67. Nc2 Bc5 68. Ne1 Kd5 69. Ng2 Kd4 $6 {Allows white to simplify the
position.After Be7! I still have to suffer a little bit.} 70. h4 $1 Be7 71.
hxg5 Bxg5 72. f4 $1 exf3+ 1/2-1/2

[Event "ARM-ch 72nd"]
[Site "Yerevan"]
[Date "2012.01.13"]
[Round "3"]
[White "Hovhannisyan, Robert"]
[Black "Simonian, Hrair"]
[Result "1/2-1/2"]
[WhiteElo "2589"]
[BlackElo "2470"]
[Annotator "Let's Check"]
[PlyCount "131"]
[EventDate "2012.01.11"]
[EventType "tourn"]
[EventRounds "11"]
[EventCountry "ARM"]
[EventCategory "13"]
[SourceTitle "CBM 147"]
[Source "ChessBase"]
[SourceDate "2012.03.16"]
[SourceVersion "1"]
[SourceVersionDate "2012.03.16"]
[SourceQuality "1"]

1. e4 c5 2. Nf3 e6 3. d4 cxd4 4. Nxd4 a6 5. Nc3 Qc7 6. Bd3 Nf6 7. Qe2 Bc5 8.
Nb3 Bb4 9. O-O Nc6 10. f4 d6 11. Bd2 Bxc3 12. Bxc3 e5 13. Nd2 b5 14. Nf3 Bg4
15. a3 exf4 16. Bxf6 gxf6 17. Qd2 Qa7+ 18. Kh1 Qe3 19. Bxb5 axb5 20. Qxd6 Rc8
21. Rae1 Qa7 22. e5 f5 23. e6 Bxf3 24. Rxf3 Qd4 25. exf7+ Kxf7 26. Qe6+ Kg7 27.
Qxf5 Rhf8 28. Qxb5 Rce8 29. Ref1 Ne5 30. Rh3 Qc4 31. Qxc4 Nxc4 32. Rh4 Re2 33.
h3 $2 (33. Rg4+ Kh6 34. h3 $17) 33... Nxb2 $2 (33... Ne3 34. Rfxf4 Rg8 $19) 34.
Rg4+ $17 Kh8 35. Rgxf4 Rxf4 36. Rxf4 Rxc2 37. a4 Nd3 38. Rd4 Ne5 39. Rd5 Ng6
40. Rd4 Ra2 41. Kh2 Ra3 42. Rd8+ Kg7 43. Rd7+ Kh6 44. Ra7 Nf4 45. Ra6+ Kg5 46.
Ra7 Kg6 47. Ra6+ Kf5 48. Rh6 Ra2 49. Rxh7 Rxg2+ 50. Kh1 Ke4 51. Rb7 Rd2 52. a5
Kf3 53. a6 Nd3 54. Rf7+ Kg3 55. Rg7+ Kxh3 56. Rh7+ Kg3 57. Rg7+ Kf4 58. a7 Rd1+
59. Kh2 Ra1 60. Rb7 Ra2+ 61. Kh1 Ra5 62. Rf7+ Kg3 63. Rg7+ Kf2 64. Rh7 $2 (64.
Rf7+ Kg3 65. Rg7+ $11) 64... Ra6 $2 (64... Ne5 65. Rh2+ Kg3 $19) 65. Kh2 Ra2
66. Rf7+ 1/2-1/2

[Event "EU-ch 12th"]
[Site "Aix les Bains"]
[Date "2011.03.27"]
[Round "6"]
[White "Pavlov, Sergey1"]
[Black "Inarkiev, Ernesto"]
[Result "0-1"]
[WhiteElo "2526"]
[BlackElo "2674"]
[Annotator "Marchand,A/Primel,D"]
[PlyCount "118"]
[EventDate "2011.03.22"]
[EventType "swiss"]
[EventRounds "11"]
[EventCountry "FRA"]
[SourceTitle "CBM 142 Extra"]
[Source "ChessBase"]
[SourceDate "2011.06.27"]
[SourceVersion "1"]
[SourceVersionDate "2011.06.27"]
[SourceQuality "1"]
[TimeControl "40/5400+30:1800+30"]

1. e4 c5 2. Nf3 e6 3. d4 cxd4 4. Nxd4 a6 5. Nc3 Qc7 6. g3 Bb4 $1 {Le plus
précis car les Noirs doivent jouer activement dans cette variante avant que
les Blancs n'aient le temps de terminer le développement} 7. Bd2 (7. Nde2 Nf6
8. Bg2 Be7 9. O-O Nc6 10. h3 O-O (10... h5 $5)) 7... Nf6 {[%cal Gf6e4,Gb4c3]}
8. Bg2 {91} Nc6 {[%csl Rd4] 91} 9. Nxc6 {85} (9. Nb3 Be7 $132 (9... h5 {
[%cal Gh5h4] Une idée intéressante de Miezis})) 9... bxc6 {91} ({RR} 9... dxc6
10. O-O O-O 11. Re1 Bd6 12. f4 e5 13. f5 Rd8 14. Qe2 b5 15. Be3 a5 16. g4 Ba6
17. Qf3 Nd7 18. g5 Bc5 19. Nd1 b4 20. Nf2 Bxe3 21. Rxe3 f6 22. Qh5 fxg5 23.
Qxg5 Nf6 24. Rg3 {Iuldachev,S (2511)-Ivanchuk,V (2709)/Bled 2002/EXT 2003/0-1 
(58)}) 10. O-O Be7 11. Na4 {[%csl Gc5] 79} O-O {75} ({RR} 11... Rb8 12. c4 d6 {
[%emt 0:33:20] 1/2-1/2 Aleksic,N (2415)-Tompa,J (2420)/Catania 1990/EXT}) ({RR
} 11... Bb7 12. Re1 d5 {[%emt 0:33:19] 1/2-1/2 Timman,J (2510)-Gheorghiu,F 
(2540)/Teeside 1975/ EXT}) 12. c4 d6 13. c5 $1 $146 {51 Une nouveauté
probablement trouvée devant l'échiquier} (13. Re1 Nd7 {Sipos,I (2482)
-Feuerstack,A (2395) Winterthur op 9th 2009 (5) 1-0}) 13... d5 {62} 14. Nb6 Ra7
15. exd5 Nxd5 16. Rc1 {[%cal Gc1c6] 43} a5 {40} 17. Re1 Nb4 $6 (17... Rd8 {
[%cal Gd8d1]}) 18. Bf4 {21} Qb7 {25 Les deux adversaires sont en léger retard
а la pendule} 19. a3 {16} Rd8 {20} (19... Nd5) 20. Qa4 {Les Blancs ont un bon
avantage d'espace mais plus que 07 mns pour passer le contrôle de temps} Nd5
21. Nxd5 exd5 22. Bd6 $1 {[%csl Rc8]} Bf8 (22... Be6 23. Bxe7 Qxe7 24. Qxc6)
23. Rc2 {05} Be6 {12} 24. Qh4 Qd7 (24... Raa8) 25. Bxf8 Rxf8 {[%csl Re6]} 26.
b4 $6 {Permet а la Ra7 de s'activer et avec l'avantage au temps, les Noirs ont
des meilleures chances} (26. Qd4 {[%cal Gd4b2]} h6 {[%csl Gg8]} (26... Rb8))
26... Rb8 $1 {[%csl Rb4]} 27. Rd2 {04} axb4 {09} 28. axb4 Ra4 $132 29. Rd4 h6
30. Bf1 {02} Qb7 {08} 31. b5 $5 Rxd4 32. Qxd4 cxb5 33. Qb4 $44 Bd7 34. Re7 Re8
35. Qh4 Qc8 (35... Rxe7 36. Qxe7 Qc8) 36. Rxe8+ Qxe8 37. Bd3 Bc6 38. Kf1 Qb8 $1
{[%csl Gb8][%cal Gb5b4]} 39. Qg4 b4 40. Ke1 Qe5+ (40... b3) 41. Kf1 Qb8 42. Ke1
b3 43. Kd2 h5 $1 {[%cal Gb8b4]} 44. Qf4 (44. Qxh5 Qb4+ 45. Ke2 Bb5 $5 {[%csl
Rd3,Re2][%cal Gb4e4]} (45... b2 46. Qh7+ Kf8 47. Qh8+ Ke7 48. Qxg7 b1=Q 49.
Bxb1 Qxb1 50. Qe5+ {[%csl Re7]} Kd8 51. Qd6+ Bd7 52. Qxd5 $44 {[%csl Gc5][%cal
Gc5c6]}) 46. Qxd5 Bxd3+ 47. Qxd3 b2 48. Qb1 Qc4+ 49. Kd2 Qd4+) 44... Qa7 45.
Qb4 g6 46. Kc3 Qa1+ 47. Kxb3 Qd1+ 48. Bc2 Qf3+ 49. Qc3 Qxf2 50. h4 d4 $1 {
[%csl Gd4] Non seulement, le P passé est trés dangereux mais le B récupère la
case "d5"} 51. Qd3 Bd7 52. Qe4 Qxg3+ 53. Kc4 Be6+ 54. Kxd4 Qf2+ 55. Ke5 Qxc5+
56. Kf6 Qc3+ 57. Ke7 Qc7+ 58. Kf6 Qd8+ 59. Ke5 Bf5 0-1

[Event "EU-ch 12th"]
[Site "Aix les Bains"]
[Date "2011.03.28"]
[Round "7"]
[White "Jansa, Vlastimil"]
[Black "Ptacnikova, Lenka"]
[Result "1-0"]
[WhiteElo "2513"]
[BlackElo "2307"]
[Annotator "Marchand,A/Primel,D"]
[PlyCount "53"]
[EventDate "2011.03.22"]
[EventType "swiss"]
[EventRounds "11"]
[EventCountry "FRA"]
[SourceTitle "CBM 142 Extra"]
[Source "ChessBase"]
[SourceDate "2011.06.27"]
[SourceVersion "1"]
[SourceVersionDate "2011.06.27"]
[SourceQuality "1"]
[TimeControl "40/5400+30:1800+30"]

1. e4 c5 2. Nf3 e6 3. Nc3 a6 4. d4 cxd4 5. Nxd4 Qc7 6. Bd3 Nf6 7. O-O Bc5 8.
Nb3 Be7 9. Qe2 (9. f4) 9... d6 10. f4 {81} Nc6 {84} (10... Nbd7) 11. Bd2 b5 12.
Rae1 {82} b4 {78} 13. Nd1 Nd7 $146 ({RR} 13... a5 14. e5 dxe5 15. fxe5 Nd7 16.
Bf4 a4 17. Nd2 Nc5 18. Bc4 Nd4 19. Qg4 Nf5 20. Ne3 O-O 21. Rf3 g6 22. Rh3 Bb7
23. Nf3 Ne4 24. Bd3 Qc5 25. Ng5 h5 26. Rxh5 gxh5 27. Qxh5 Bxg5 28. Bxg5 {
Pogonina,N (2442)-Maletin,P (2575)/Samara 2011/Mega2011 Update 30/0-1 (31)})
14. Ne3 {69} O-O {54} 15. Rf3 (15. Qf3 {La saisie de la FFE et c'est Rf3 qui
été joué dans la partie.} Re8 16. e5 g6 17. Ng4 Bb7 18. Qh3 h5 19. Nh6+ Kg7 20.
Nxf7 $1 Rf8 21. exd6 Bxd6 22. Nxd6 Qxd6 23. Qg3 Ne7 24. Qg5 Bc6 25. Rxe6 Qd5
26. c3) 15... Re8 16. e5 {52} g6 17. Ng4 $36 {[%csl Gf6,Gh6]} Bb7 18. Rh3 a5 $4
(18... Nf8 $1 {[%cal Gf8h7]}) 19. Nh6+ Kg7 20. Nxf7 $1 Nf8 21. exd6 Bxd6 22.
Nxd6 Qxd6 23. Qf2 Ne7 24. Nc5 Bc6 25. Ne4 Qd5 26. c3 e5 27. fxe5 1-0

[Event "EU-ch 12th"]
[Site "Aix les Bains"]
[Date "2011.04.01"]
[Round "10"]
[White "Andriasian, Zaven"]
[Black "Papin, Vasily"]
[Result "1-0"]
[WhiteElo "2645"]
[BlackElo "2569"]
[Annotator "Marchand,A/Primel,D"]
[PlyCount "69"]
[EventDate "2011.03.22"]
[EventType "swiss"]
[EventRounds "11"]
[EventCountry "FRA"]
[SourceTitle "CBM 142 Extra"]
[Source "ChessBase"]
[SourceDate "2011.06.27"]
[SourceVersion "1"]
[SourceVersionDate "2011.06.27"]
[SourceQuality "1"]
[TimeControl "40/5400+30:1800+30"]

1. e4 c5 2. Nf3 e6 3. Nc3 a6 4. d4 cxd4 5. Nxd4 Qc7 6. Bd3 d6 {En général sur
la Kan, on retarde au maximum cette poussée pour donner des options de
développement au B de cases noires en b4,c5 ou même d6} (6... Nf6 7. Be3 (7.
O-O Bc5 8. Nb3 Be7 (8... Ba7) 9. f4 d6 10. a4 (10. Qe2) (10. Qf3) 10... Nc6 11.
a5 b5 12. axb6 Qxb6+ 13. Kh1 O-O 14. Qf3 Nb4 15. Be3 Qc7 16. e5 Bb7 17. Qh3
dxe5 18. fxe5 Qxe5 19. Ra5 Nxd3 (19... Qd6 {Cette idée du GMI Huebner semble
plus solide} 20. Bxh7+ Nxh7 21. Rh5 e5 22. Bc5 (22. Rxh7 Bxg2+ 23. Kxg2 (23.
Qxg2 Kxh7) 23... Qg6+) 22... Qg6 23. Bxe7 Nxc2 $13) 20. Rxe5 Nxe5 $44 {Timman,
J (2650)-Kurajica,B (2530) Reggio Emilia 8485 27th 1984 (8) 1-0}) 7... Nc6 {
Retombe sur une Taimanov} 8. O-O Ne5 (8... Nxd4 9. Bxd4 Bc5 (9... Bd6)) (8...
Bd6 {Lors d'une conférence au club central de Moscou en 1966, Tal avait
préconisé de répondre а ce coup original Nc6} 9. Nxc6 (9. Kh1 h5) 9... bxc6 10.
f4 e5 11. Qf3 $5 {Tal} exf4 12. Bd4 Be5 13. Bxe5 Qxe5 14. Ne2 d6 (14... g5 15.
g3 $44 {[%csl Rf6]}))) (6... Nc6) 7. a4 {[%cal Ga4a5] Rarement joué aussi tôt}
(7. O-O {La grande ligne} Nf6 8. f4 Be7 9. Kh1) 7... b6 {Les Noirs veulent
éviter l'affaiblissement de l'aile-dame par a4a5 mais il est aussi possible de
continuer le développement.} (7... Nf6 8. O-O (8. a5 {Paradoxalement aucune
partie n'a suivi la menace a4a5!}) 8... Be7 9. f4 b6 10. Kh1 Nbd7 11. Qe2) 8.
O-O Nd7 (8... Nf6 9. f4 Bb7 {Movsesian,S (2723)-Ivanchuk,V (2781) Moscow Tal
Memorial Blitz 2008 (19) 0-1}) 9. f4 Ngf6 10. Qe2 {90} Bb7 {91} (10... Be7) 11.
Bd2 $1 {[%cal Ga1e1,Ge4e5]} (11. Kh1) 11... g6 $5 (11... Be7 {La grande ligne}
12. Kh1 O-O 13. Rae1 Nc5 14. b4 $5) 12. Rae1 {83} Bg7 {[%csl Rd4][%cal Gg7d4]
82} (12... e5 {Stromboli,C (2257)-Sabia,C (2174) Bagnara Calabra op 1st 2008 
(6) 1-0}) 13. Nf3 (13. f5 $5 gxf5 $1 {Une manoeuvre thématique sur la Kan et
après e6e5, il n'est pas facile d'attaquer le K Noir sans sacrifier.} 14. exf5
e5) 13... O-O $11 14. Kh1 Rfe8 15. Qf2 d5 {Un coup thématique mais peut-être
pas le plus précis} (15... Nc5 16. e5 Nfd7 {[%csl Re5]} (16... Ng4 17. Qg3)) (
15... Rac8 16. Qh4 (16. e5 $6 dxe5 17. fxe5 Ng4 {[%csl Re5][%cal Gg4f2]})) 16.
e5 Ne4 17. Bxe4 dxe4 18. Ng5 {46} f5 $1 {58} 19. exf6 Nxf6 (19... Bxf6 $6 20.
Ngxe4) 20. Be3 {40} h6 {43} 21. Bxb6 Qc4 $44 {Les Noirs ont la paire de B et
les Blancs n'ont pas de menaces immédiates.} 22. Nh3 {[%csl Rh3] 40} Rac8 {39}
23. a5 {35} Qb4 {20} (23... Nh5 $13) 24. Nd1 e3 $6 (24... Nd5 $1 {[%cal Gd5b6,
Gb4b2,Gg7b2]} 25. c3 Qb5 26. Ne3 Nxb6) 25. Nxe3 Qxb2 26. c4 $1 Qa3 27. Rd1 Ne4
28. Qc2 {[%cal Gc2g6] 20} Qc3 {04} 29. Qxc3 Nxc3 $2 $138 (29... Bxc3 $142 $8
30. Rd7 Bc6) 30. Rd7 Be4 31. Nf2 Bh8 32. Nfg4 Kf8 33. Rh7 Bg7 34. Rxg7 h5 35.
Nf6 1-0